000 00802nam a2200157 a 4500
008 080220s2007 ||||||||||||||||| || u
050 _aUNEP(058)GGG/2008
110 _aUnited Nations Environment Programme (UNEP)
245 1 0 _aGeneva green guide: the Geneva Environment Network's practical guide to Geneva-based global organizations working on the environment and sustainable development. (2008 ed.)
_cby United Nations Environment Programme (UNEP)
250 _a2008
260 _aGeneva:
_bUNITED NATIONS
_c2007
300 _axii, 109p.: ill.
350 _a0.00
650 _aSUSTAINABLE DEVELOPMENT--ENVIRONMENTAL ASPECTS--DIRECTORIES
995 _D0.00
_FCBU-MAIN LIBRARY (Kitwe)
_H1
_I0.00
_M1
_UAVAILABLE
_WApr 25, 2008
_ZInternational Publications
999 _c44445
_d44445